000 00651nam a2200205 i 4500
001 52124
003 ES-MaACL
005 20230906162527.0
007 t|
008 030826s1959 mx ||||1| spa d
100 1 _aChowell, Martin.
_938637
245 1 0 _aLuis Navarro Origel
_b: el primer cristero /
_cMartin Chowell.
260 _aMéxico :
_bJus,
_c1959.
300 _a159 p. ;
_c24 cm.
490 1 _aFiguras y episodios de la historia de México ;
_v65
600 1 4 _aNavarro Origel, Luis.
_9158456
830 0 _aFiguras y episodios de la historia de México ;
_v65
_9181876
852 _aES-MaACL
_jE.9911
_bR.94180
999 _c52124
_d52124